Die Kunstdenkmäler des Rems-Murr-Kreises
Saved in:
| Main Author: | |
|---|---|
| Document Type: | Book |
| Language: | German |
| Published: |
München [u.a.]
: Dt. Kunstverl.
, 1983
|
| Series: | Die Kunstdenkmäler in Baden-Württemberg
|
| Subjects: | |
| Related Items: | Rezensiert in:
[Rezension von: Die Kunstdenkmäler des Rems-Murr-Kreises, bearb. von Adolf Schahl] Rezensiert in: [Rezension von: Schahl, Adolf (Bearb.), Die Kunstdenkmäler des Rems-Murr-Kreises] Rezensiert in: [Rezension von: Schahl, Adolf, Die Kunstdenkmäler des Rems-Murr-Kreises] |
| Author Notes: | bearb. von Adolf Schahl |
| LEADER | 03706cam a2200721 ca4500 | ||
|---|---|---|---|
| 001 | 1081855576 | ||
| 003 | DE-627 | ||
| 005 | 20260609223154.0 | ||
| 007 | tu | ||
| 008 | 860704m19831983gw ||||| 00| ||ger c | ||
| 020 | |a 3422005609 |9 3-422-00560-9 | ||
| 035 | |a (DE-627)1081855576 | ||
| 035 | |a (DE-576)011855576 | ||
| 035 | |a (DE-599)BSZ011855576 | ||
| 035 | |a (OCoLC)1533341413 | ||
| 035 | |a (DE-604)8000958123 | ||
| 040 | |a DE-627 |b ger |c DE-627 |e rakwb | ||
| 041 | |a ger | ||
| 044 | |c XA-DE-BY |c XA-DE | ||
| 082 | 0 | |a 720/.943/47 | |
| 084 | |a 9,10 |2 ssgn | ||
| 084 | |a LK 11080 |2 rvk |0 (DE-625)rvk/97542: | ||
| 084 | |a NZ 70730 |q DE-24/20sred |2 rvk |0 (DE-625)rvk/162695: | ||
| 084 | |a 875 |2 bwlb | ||
| 084 | |a 15.55 |2 bkl | ||
| 100 | 1 | |a Schahl, Adolf |d 1908-1982 |0 (DE-588)101238456X |0 (DE-627)661788687 |0 (DE-576)162882688 |4 aut | |
| 245 | 1 | 4 | |a Die Kunstdenkmäler des Rems-Murr-Kreises |c bearb. von Adolf Schahl |
| 264 | 1 | |a München [u.a.] |b Dt. Kunstverl. |c 1983 | |
| 336 | |a Text |b txt |2 rdacontent | ||
| 337 | |a ohne Hilfsmittel zu benutzen |b n |2 rdamedia | ||
| 338 | |a Band |b nc |2 rdacarrier | ||
| 490 | 0 | |a Die Kunstdenkmäler in Baden-Württemberg | |
| 500 | |a Erschienen: 1 - 2 | ||
| 515 | |a Erschienen: Bd. 1 (1983) bis Bd. 2 (1983) | ||
| 650 | 0 | 7 | |0 (DE-588)4188171-0 |0 (DE-627)105266639 |0 (DE-576)210051078 |a Verzeichnis |2 gnd |7 (dpeaa)DE-631 |
| 650 | 0 | 7 | |0 (DE-588)4123592-7 |0 (DE-627)105754005 |0 (DE-576)209561017 |a Kunstwerk |2 gnd |7 (dpeaa)DE-631 |
| 651 | 7 | |0 (DE-588)4049449-4 |0 (DE-627)106186914 |0 (DE-576)209082143 |a Rems-Murr-Kreis |2 gnd |7 (dpeaa)DE-631 | |
| 655 | 7 | |a Inventar |0 (DE-588)4027540-1 |0 (DE-627)106284274 |0 (DE-576)208971270 |2 gnd-content | |
| 655 | 7 | |a Kunstführer |0 (DE-588)4166029-8 |0 (DE-627)104492910 |0 (DE-576)209899433 |2 gnd-content | |
| 689 | 0 | 0 | |d g |0 (DE-588)4049449-4 |0 (DE-627)106186914 |0 (DE-576)209082143 |a Rems-Murr-Kreis |2 gnd |
| 689 | 0 | 1 | |d s |0 (DE-588)4114333-4 |0 (DE-627)105822957 |0 (DE-576)209483733 |a Kunst |2 gnd |
| 689 | 0 | |5 (DE-627) | |
| 689 | 1 | 0 | |d g |0 (DE-588)4049449-4 |0 (DE-627)106186914 |0 (DE-576)209082143 |a Rems-Murr-Kreis |2 gnd |
| 689 | 1 | 1 | |d s |0 (DE-588)4004973-5 |0 (DE-627)10638354X |0 (DE-576)208858563 |a Baudenkmal |2 gnd |
| 689 | 1 | |5 (DE-627) | |
| 787 | 0 | 8 | |i Rezensiert in |a Böker, Hans Josef, 1953 - |t [Rezension von: Die Kunstdenkmäler des Rems-Murr-Kreises, bearb. von Adolf Schahl] |d 1985 |w (DE-627)1852619775 |
| 787 | 0 | 8 | |i Rezensiert in |a Fritz, Gerhard, 1953 - |t [Rezension von: Schahl, Adolf (Bearb.), Die Kunstdenkmäler des Rems-Murr-Kreises] |d 1985 |w (DE-627)1878661515 |
| 787 | 0 | 8 | |i Rezensiert in |a Setzler, Wilfried, 1943 - |t [Rezension von: Schahl, Adolf, Die Kunstdenkmäler des Rems-Murr-Kreises] |d 1985 |w (DE-627)1920453970 |
| 889 | |w (DE-576)903715624X | ||
| 889 | |w (DE-627)1862910790 | ||
| 889 | |w (DE-627)037156241 | ||
| 889 | |w (DE-627)1825349886 | ||
| 935 | |a BWLB | ||
| 936 | r | v | |a LK 11080 |b Baden-Württemberg |k Kunstgeschichte |k Kunst nach Ländern bzw. Kontinenten |k Deutschland |k Kunsttopografie Deutschlands |k Einzelne deutsche Länder |k Baden-Württemberg |0 (DE-627)1270930850 |0 (DE-625)rvk/97542: |0 (DE-576)200930850 |
| 936 | r | v | |a NZ 70730 |b Architektur, Denkmäler, Denkmalpflege |k Geschichte |k Regionale Landeskunde |k Baden-Württemberg |k Landesgeschichte thematisch |k Kunst und Kultur |k Architektur, Denkmäler, Denkmalpflege |0 (DE-627)1685783651 |0 (DE-625)rvk/162695: |
| 936 | b | k | |a 15.55 |j Baden-Württemberg |x Geschichte |q coli-conc RVK->BK |q https://coli-conc.gbv.de/api/mappings/58b6b720-6ba5-4068-ac06-4bb36eb8c635 |0 (DE-627)181571617 |
| 951 | |a MC | ||
| 990 | |a Rems-Murr-Kreis | ||
| 990 | |a Kunst | ||
| 990 | |a Rems-Murr-Kreis | ||
| 990 | |a Baudenkmal | ||
| 991 | |a Rezensiertes Werk | ||
| 999 | |a KXP-PPN1081855576 |e 4375971193 | ||


